000 00945nam a22002177a 4500
003 OSt
005 20260527105340.0
008 260527b2025 slv spa
040 _cBMC
082 _a621.398
100 1 _aMezquita López, Guillermo Alejandro
_950409
245 1 0 _aPasantía realizada en Grupo Cáder, División Ideas
_b: Informe final de pasantía
_cGuillermo Alejandro Mezquita López
260 _aSanta Ana (El Salvador)
_bUniversidad Católica de El Salvador
_c2025
300 _a138 p.
_c28 cm
_e+ 1 disco compacto
500 _aPrecede al tít.: Universidad Católica de El Salvador, Facultad de Ingeniería y Arquitectura
502 _aPara optar al título de Ingeniero en Sistemas Informáticos
505 _aPeríodo de realización: febrero a julio 2025
650 2 4 _98508
_aDiseño de sistemas
710 2 _91166
_aUniversidad Católica de El Salvador
_bFacultad de Ingeniería y Arquitectura
942 _2ddc
_cTG
999 _c36672
_d36672